[Event "ch-VIE 2013"]
[Site "Ho Chi Minh City VIE"]
[Date "2013.11.19"]
[Round "2.4"]
[White "Cao,S"]
[Black "Nguyen,Anh Khoi"]
[Result "1/2-1/2"]
[WhiteElo "2499"]
[BlackElo "2102"]

1.e4 c5 2.Nc3 Nc6 3.Bb5 Nd4 4.Bc4 e6 5.Nf3 Nf6 6.O-O a6 7.d3 b5 8.Bb3 Nxb3
9.axb3 Bb7 10.Bg5 h6 11.Bh4 g5 12.Bg3 d5 13.exd5 Nxd5 14.Ne5 h5 15.Nxd5 Qxd5
16.Qf3 Qxf3 17.Nxf3 h4 18.Be5 Rg8 19.Nd2 O-O-O 20.Rfe1 Rg6 21.Nf1 b4 22.h3 g4
23.hxg4 Rxg4 24.Ne3 Rg6 25.Kf1 Be7 26.Ke2 Bxg2 27.Nxg2 Rxg2 28.Rxa6 Rd5 29.Kf1 h3
30.Ra8+ Kd7 31.Ra7+ Ke8 32.Ra8+ Kd7 33.Ra7+ Ke8 34.Ra8+ Bd8 35.Re3 Rg8 36.Bc7 Rh8
37.Kg1 Ke7 38.Bxd8+ Rdxd8 39.Rxd8 Kxd8 40.Kh2 Ke7 41.Rxh3 Ra8 42.Rh4 Ra2
43.Rc4 Kd6 44.d4 cxd4 45.Rxd4+ Kc5 46.Rc4+ Kb5 47.Kg3 Rxb2 48.Kf4 f6 49.Ke3 Rb1
50.Rc8 Re1+ 51.Kd3 Re5 52.Rb8+ Kc5 53.Rc8+ Kb5 54.Rb8+ Kc5 55.f4 Rd5+ 56.Ke3 e5
57.Rc8+ Kb5 58.Rb8+ Kc5 59.Rf8 exf4+ 60.Kxf4 Kd4 61.Rb8 Kc3 62.Rc8+ Kb2 63.Rc4 Rd2
64.Ke4  1/2-1/2

[Event "23rd World Seniors 2013"]
[Site "Opatija CRO"]
[Date "2013.11.19"]
[Round "7.3"]
[White "Rogulj,B"]
[Black "Vasiukov,E"]
[Result "1-0"]
[WhiteElo "2420"]
[BlackElo "2457"]

1.e4 c5 2.Nc3 Nc6 3.Bb5 Na5 4.Nf3 a6 5.Be2 e6 6.d4 cxd4 7.Nxd4 Ne7 8.O-O Nec6
9.Nxc6 Nxc6 10.Bf4 Be7 11.Qd2 b5 12.Rad1 Bb7 13.Rfe1 Rc8 14.a4 bxa4 15.Nxa4 Nb8
16.Bf1 Bc6 17.b3 O-O 18.Bd3 a5 19.Qe3 Bxa4 20.bxa4 Bb4 21.Re2 Qe7 22.Qg3 f6
23.e5 f5 24.h4 Qf7 25.Qf3 Rc7 26.Bb5 Rc3 27.Rd3 Rc7 28.c3 Be7 29.g3 h6 30.h5 Kh7
31.Red2 Rfc8 32.c4 Bb4 33.Rd1 Nc6 34.Bxc6 dxc6 35.Be3 Rb7 36.c5 Qe7 37.Rd6 Bc3
38.Bf4 Bb4 39.Rc1 Rbc7 40.Kg2 Qf7 41.Rc4 Rd7 42.Be3 Rxd6 43.cxd6 c5 44.g4 Kh8
45.gxf5 exf5 46.Rf4 Rf8 47.Bc1 Qe6 48.Bb2 Bd2 49.Rh4 Rb8 50.Ba1 Kh7 51.Qd3 Bg5
52.Rc4 Rc8 53.Bc3 Bd8 54.Rf4 g6 55.Qc4 Qxc4 56.Rxc4 Rc6 57.Bd4 Bb6 58.d7 gxh5
59.Rxc5 Rg6+ 60.Kh3 Rg4 61.Rd5 Bd8 62.e6 Rh4+ 63.Kg2 Rg4+ 64.Kf1 Re4 65.Be5 f4
66.f3 Re3 67.Kg2 Kg6 68.Rb5 Be7 69.Bd6 Kf6 70.Bxe7+ Kxe7 71.Rb8  1-0

[Event "23rd World Seniors 2013"]
[Site "Opatija CRO"]
[Date "2013.11.21"]
[Round "9.4"]
[White "Rogulj,B"]
[Black "Balashov,Y"]
[Result "0-1"]
[WhiteElo "2420"]
[BlackElo "2440"]

1.e4 c5 2.Nc3 Nc6 3.Bb5 g6 4.Bxc6 bxc6 5.d3 Bg7 6.Nge2 d6 7.O-O Rb8 8.h3 f5
9.exf5 Bxf5 10.Ng3 Bc8 11.Re1 Nf6 12.Qe2 Rb7 13.Rb1 O-O 14.Bd2 Nd5 15.Nxd5 cxd5
16.b3 e6 17.Rf1 Qh4 18.Qg4 Qxg4 19.hxg4 e5 20.f3 Rbf7 21.c4 e4 22.dxe4 Be5
23.f4 Bd4+ 24.Kh2 dxc4 25.f5 c3 26.Bf4 d5 27.exd5 h5 28.Ne4 hxg4 29.Rbc1 Rxf5
30.g3 Bb7 31.Nxc3 Rh5+ 32.Kg2 Bxc3 33.Rxc3 Bxd5+ 34.Kg1 g5 35.Rxc5 gxf4 36.Rxf4 Rxf4
37.gxf4 g3  0-1

[Event "ch-VIE 2013"]
[Site "Ho Chi Minh City VIE"]
[Date "2013.11.22"]
[Round "6.9"]
[White "Hoang Canh Huan"]
[Black "Dang,H"]
[Result "1-0"]
[WhiteElo "2352"]
[BlackElo "2078"]

1.e4 c5 2.Nc3 Nc6 3.Bb5 g6 4.Nf3 Bg7 5.Bxc6 dxc6 6.h3 b5 7.d3 Nf6 8.O-O O-O
9.Be3 Nd7 10.Qc1 Re8 11.Re1 a5 12.a4 Ba6 13.Bh6 Ne5 14.Nh2 Bh8 15.f4 Nd7
16.Nf3 Nf8 17.f5 c4 18.dxc4 b4 19.Nd1 Bxc4 20.Qf4 Qd6 21.Qh4 Bf6 22.Qf2 Nd7
23.Ne3 Ba6 24.Rad1 Qc7 25.Ng4 Bg7 26.Bxg7 Kxg7 27.Qd2 Nf8 28.Qh6+ Kh8 29.Ng5 Bc4
30.b3 gxf5 31.exf5 f6 32.bxc4 fxg5 33.Qxg5 e6 34.Nf6 Qf7 35.Nxe8 Rxe8 36.f6 Ng6
37.h4 Rg8 38.h5 Nf8 39.Qxa5 h6 40.Rf1 Rg5 41.Qxb4 Qg8 42.Rf2 c5 43.Qb8 Qf7
44.Rd8 Rg8 45.Qe5 Kh7 46.Qe4+ Kh8 47.a5 e5 48.Qd5 Qxh5 49.f7  1-0

[Event "Chennai GM Open 2013"]
[Site "Chennai IND"]
[Date "2013.11.23"]
[Round "11.1"]
[White "Vishnu,P"]
[Black "Aravindh,Chithambaram VR."]
[Result "1/2-1/2"]
[WhiteElo "2505"]
[BlackElo "2335"]

1.e4 c5 2.Nf3 Nc6 3.Nc3 d6 4.d4 cxd4 5.Nxd4 Nf6 6.Bg5 Bd7 7.Be2 Qa5 8.Bxf6 gxf6
9.O-O Nxd4 10.Qxd4 Rc8 11.a4 Qc5 12.Qd2 e6 13.Kh1 Rg8 14.Bb5 Bc6 15.f4 f5
16.Rae1 Be7 17.Re2 Kf8 18.Qd3 fxe4 19.Nxe4 Qf5 20.Bxc6 Rxc6 21.Qe3 d5 22.Ng3 Qf6
23.f5 Bc5 24.Nh5 Qg5 25.Qh3 exf5 26.Re5 Qg4 27.Rexf5 Qxh3 28.Rxf7+ Ke8 29.gxh3 Rcg6
30.Ng3 Rf8 31.R7f5 Rxf5 32.Rxf5 Rd6 33.Kg2 Bd4 34.b3 Rc6 35.Rxd5 Rxc2+ 36.Kf3 Bg1
37.Ne4 Bxh2 38.Rh5 Rc7 39.Kg4 Kf8 40.Kf5 Re7 41.Ng5 Kg8 42.Rh4 Re3 43.Rg4 Rxb3
44.Kf6 h5 45.Rg2 Bg3 46.a5 Bh4 47.Kg6 Rg3 48.Rxg3 Bxg3 49.Kxh5 Be1 50.a6 b5
51.Ne4 b4 52.Nc5  1/2-1/2

[Event "TCh-SWE Elitserien 2013-14"]
[Site "Sweden SWE"]
[Date "2013.11.23"]
[Round "2.5"]
[White "Blomqvist,E"]
[Black "Larsson,V"]
[Result "1-0"]
[WhiteElo "2508"]
[BlackElo "2139"]

1.e4 c5 2.Nc3 Nc6 3.Bb5 g6 4.Bxc6 dxc6 5.d3 Nf6 6.f4 e5 7.Nf3 Bg4 8.O-O Bg7
9.Qe1 Bxf3 10.Rxf3 Nd7 11.f5 Qe7 12.Be3 f6 13.Ne2 g5 14.Qc3 h5 15.a3 Bf8
16.Rb1 a5 17.Qb3 b6 18.Qe6 Rc8 19.c3 Bh6 20.Rf2 g4 21.Bxh6 Rxh6 22.d4 Rc7
23.d5 Nf8 24.Qxe7+ Kxe7 25.c4 Nh7 26.Nc3 Ng5 27.Rd2 Ke8 28.dxc6 Rhh7 29.Rbd1 Nf7
30.Rd7 Rxc6 31.Rb7 Rh6 32.Rb8+ Ke7 33.Nd5+ Kd7 34.Rb7+ Ke8 35.Nc7+  1-0

[Event "TCh-CZE Vychod 2013-14"]
[Site "Czech Rep CZE"]
[Date "2013.11.24"]
[Round "3.4"]
[White "Karlik,V"]
[Black "Skliba,M"]
[Result "0-1"]
[WhiteElo "2274"]
[BlackElo "2290"]

1.e4 c5 2.Nc3 Nc6 3.Bb5 Nd4 4.Bc4 g6 5.Nf3 Bg7 6.Nxd4 cxd4 7.Qf3 Nh6 8.Ne2 O-O
9.d3 Qb6 10.h4 Ng4 11.Bb3 h5 12.Qg3 d6 13.f3 Ne5 14.Nf4 e6 15.O-O a5 16.a4 Bd7
17.Bd2 Qc5 18.Rf2 b5 19.axb5 Qxb5 20.Bc1 a4 21.Ba2 Rac8 22.Re2 Rc7 23.Qf2 Rfc8
24.Rb1 Nc6 25.Bc4 Qc5 26.Bd2 Ne5 27.Ba2 a3 28.bxa3 Qxa3 29.Bb3 Rb7 30.Bc1 Qc5
31.Qe1 Ra8 32.Bd2 Kh7 33.Ra1 Rxa1 34.Qxa1 Ra7 35.Qb2 Ba4 36.Bxa4 Rxa4 37.Re1 Bf6
38.Rc1 Bxh4 39.c3 dxc3+  0-1

[Event "TCh-CZE Zapad 2013-14"]
[Site "Hradec Kralove CZE"]
[Date "2013.11.24"]
[Round "3.4"]
[White "Suran,J"]
[Black "Prymula,R"]
[Result "1-0"]
[WhiteElo "2355"]
[BlackElo "2273"]

1.e4 c5 2.Nf3 Nc6 3.Nc3 d6 4.d4 cxd4 5.Nxd4 e5 6.Nf5 Nf6 7.Bg5 h6 8.Bxf6 Qxf6
9.Nd5 Qd8 10.c3 g6 11.Nfe3 Bg7 12.Bc4 O-O 13.O-O Be6 14.a4 Qd7 15.a5 Ne7
16.Qa4 Nxd5 17.Bxd5 Rab8 18.Bxe6 Qxe6 19.Nd5 f5 20.f3 Rf7 21.Qb5 Rbf8 22.a6 bxa6
23.Qxa6 h5 24.Qd3 fxe4 25.fxe4 Rxf1+ 26.Rxf1 Rxf1+ 27.Kxf1 Kh8 28.h3 Qd7
29.Qc4 Qd8 30.Qe2 Qg5 31.Qe3 Qh4 32.Qxa7 Qxe4 33.Qa8+  1-0

[Event "XXVII Belgrade Trophy"]
[Site "Obrenovac SRB"]
[Date "2013.11.28"]
[Round "5.19"]
[White "Cvetanovic,U"]
[Black "Stefanov,Emil"]
[Result "1-0"]
[WhiteElo "2302"]
[BlackElo "2030"]

1.e4 c5 2.Nf3 Nc6 3.Nc3 d6 4.Bb5 g6 5.d4 cxd4 6.Qxd4 Nf6 7.e5 dxe5 8.Qxd8+ Kxd8
9.Bxc6 bxc6 10.Nxe5 Ke8 11.O-O Bb7 12.Re1 e6 13.Nc4 Rd8 14.Be3 c5 15.Nb5 a6
16.Bg5 Ke7 17.Nbd6 Bd5 18.Nb6 Rxd6 19.Nc8+ Kd7 20.Nxd6 Bxd6 21.Bxf6 Rb8 22.b3 c4
23.Be5 Bxe5 24.Rxe5 Kc6 25.f3 Kc5 26.Re3 Rb7 27.Kf2 Rb6 28.Ke2 Rb8 29.Kd2 Rb7
30.Kc3 Rc7 31.Rd1 h6 32.g4 Kd6 33.b4 Kc6 34.f4 Kb5 35.Rh3 h5  1-0

[Event "ch-IRI 2013"]
[Site "Tabriz IRI"]
[Date "2013.11.28"]
[Round "2.5"]
[White "Behmardi,K"]
[Black "Alavi,S"]
[Result "1/2-1/2"]
[WhiteElo "2276"]
[BlackElo "2455"]

1.e4 c5 2.Nc3 Nc6 3.Bb5 Nd4 4.Bc4 Nf6 5.Nge2 e6 6.O-O a6 7.d3 b5 8.Bb3 Nxb3
9.axb3 Bb7 10.e5 Nd5 11.Ne4 Qc7 12.f4 c4 13.bxc4 bxc4 14.N2g3 cxd3 15.cxd3 Be7
16.Nh5 g6 17.Nhf6+ Nxf6 18.Nxf6+ Bxf6 19.exf6 Qc5+ 20.Rf2 Qf5 21.Qb3 Bd5
22.Qa3 Qxf6 23.Bd2 Qd8  1/2-1/2

[Event "TCh-AUT 2nd West 2013-14"]
[Site "Austria AUT"]
[Date "2013.11.30"]
[Round "4.5"]
[White "Ljubic,J"]
[Black "Hoellrigl,W"]
[Result "1/2-1/2"]
[WhiteElo "2226"]
[BlackElo "2195"]

1.e4 c5 2.Nf3 Nc6 3.Nc3 e6 4.g3 d6 5.Bg2 Nf6 6.O-O Be7 7.b3 O-O 8.Bb2 e5
9.h3 Rb8 10.d3 b5 11.Ne2 b4 12.Nh4 d5 13.Nf5 dxe4 14.dxe4 Ba6 15.Re1 Nd4
16.Nxe7+ Qxe7 17.Nxd4 cxd4 18.a3 Rfd8 19.axb4 Rb6 20.Qd2 Rc8 21.Rec1 h6 22.c4 dxc3
23.Rxc3 Rd8 24.Qe3 Qe6 25.Rc7 Rd3 26.Qc5 Nd7 27.Qc2 Qd6 28.Bc1 Rd1+ 29.Kh2 Rd3
30.Kg1 Rd1+  1/2-1/2

[Event "9th Ugra Governor's Cup"]
[Site "Khanty-Mansiysk RUS"]
[Date "2013.11.30"]
[Round "3.9"]
[White "Savchenko,B"]
[Black "Frolyanov,D"]
[Result "1/2-1/2"]
[WhiteElo "2602"]
[BlackElo "2561"]

1.e4 c5 2.Nf3 Nc6 3.Nc3 e5 4.Bc4 Be7 5.d3 d6 6.Nd2 Nf6 7.Nf1 O-O 8.Ne3 Nd7
9.Ncd5 Nb6 10.Nxb6 axb6 11.Nd5 Bg5 12.Bxg5 Qxg5 13.Qd2 Qd8 14.f4 exf4 15.Nxf4 b5
16.Bxb5 Nd4 17.Bc4 Qh4+ 18.g3 Nf3+ 19.Kf2 Nxd2 20.gxh4 Nxc4 21.dxc4 f5 22.Rhd1 fxe4
23.Ke3 Rf6 24.Rd2 Bd7 25.Rf2 Rh6 26.Rd1 Bg4 27.Rg1 Bf3 28.a3 Rxh4 29.Ne6 g6
30.Rd2 Re8 31.Nc7 Rf8 32.Nb5 Bh5 33.Rg3 Rf1 34.Nxd6 Re1+ 35.Kf2 Rb1 36.Ke3 Re1+
37.Kf2 Rb1 38.Ke3 Re1+  1/2-1/2

[Event "XXVII Belgrade Trophy"]
[Site "Obrenovac SRB"]
[Date "2013.11.30"]
[Round "7.19"]
[White "Cvetanovic,U"]
[Black "Cetkovic,Mi"]
[Result "1/2-1/2"]
[WhiteElo "2302"]
[BlackElo "2162"]

1.e4 c5 2.Nf3 Nc6 3.Nc3 d6 4.Bb5 Bd7 5.O-O e5 6.Re1 Nf6 7.d3 h6 8.Ne2 Be7
9.Ng3 g6 10.c3 Qc7 11.h3 a6 12.Bxc6 Bxc6 13.d4 O-O-O 14.Bd2 h5 15.d5 Bd7
16.b4 c4 17.a4 b5 18.axb5 Bxb5 19.Qc2 h4 20.Nf1 Nh5 21.Be3 Kb7 22.Ra5 Ra8
23.N1d2 Qd7 24.Nb1 Bd8 25.Ra1 f5 26.Bg5 Bb6 27.Nxh4 Nf4 28.Bxf4 Rxh4 29.Bg5 Rh5
30.Be3 Bc7 31.f3 f4 32.Bf2 Rxh3 33.gxh3 Qxh3 34.Bc5 Qg3+ 35.Kf1 Qxf3+ 36.Qf2 Qd3+
37.Qe2 Qh3+ 38.Qg2 Qd3+ 39.Qe2  1/2-1/2

[Event "14th Puhajarve Rapid"]
[Site "Puhajarve EST"]
[Date "2013.11.30"]
[Round "19.4"]
[White "Kulaots,K"]
[Black "Viikmaa,Karmen"]
[Result "1-0"]
[WhiteElo "2567"]
[BlackElo "1669"]

1.e4 c5 2.Nf3 Nc6 3.Nc3 g6 4.d4 cxd4 5.Nxd4 Bg7 6.Be3 d6 7.Bc4 Nf6 8.f3 O-O
9.Qd2 Re8 10.O-O-O Nd7 11.h4 Nde5 12.Bb3 Na5 13.h5 Nec4 14.Qe2 Nxe3 15.Qxe3 Nxb3+
16.cxb3 a6 17.Kb1 Qa5 18.hxg6 fxg6 19.Nd5 e6 20.Nc3 Qe5 21.f4 Qf6 22.Nf3 b5
23.Rxd6 b4 24.Na4 Rf8 25.g3 Bb7 26.Re1 Rac8 27.Ng5 Rfe8 28.Qb6 Rb8 29.Qe3 Rbc8
30.g4 Bc6 31.e5 Qe7 32.Rxe6 Qd7 33.Nc5 Qc7 34.Rxe8+ Bxe8 35.Nge6 Qc6 36.Qe4 Qb5
37.Rc1 Bc6 38.Qd4 Re8 39.Nxg7 Kxg7 40.f5 Kg8 41.e6 Qe2 42.f6  1-0

[Event "TCh-BEL 2013-14"]
[Site "Belgium BEL"]
[Date "2013.12.01"]
[Round "5.6"]
[White "Broekmeulen,Ja"]
[Black "Sclacmender,J"]
[Result "1-0"]
[WhiteElo "2439"]
[BlackElo "2228"]

1.e4 c5 2.Nf3 Nc6 3.Nc3 g6 4.Bb5 Bg7 5.Bxc6 dxc6 6.h3 Nf6 7.d3 Nd7 8.Be3 e5
9.Qd2 Qe7 10.Bh6 f6 11.Bxg7 Qxg7 12.Nh2 Nf8 13.f4 Bd7 14.fxe5 fxe5 15.Nf3 Ne6
16.Ne2 b6 17.Qc3 Nd4 18.Nexd4 cxd4 19.Qa3 c5 20.Qb3 Rd8 21.O-O Rf8 22.Rf2 h6
23.Raf1 Ke7 24.Qd5 Bxh3 25.Qxe5+ Qxe5 26.Nxe5 Rxf2 27.Rxf2 Bd7 28.Nxg6+ Kd6
29.Rf6+ Kc7 30.Ne5  1-0

[Event "TCh-CZE Extraliga 2013-14"]
[Site "Frydek-Mistek CZE"]
[Date "2013.12.01"]
[Round "4.4"]
[White "Ponizil,C"]
[Black "Rosko,L"]
[Result "1/2-1/2"]
[WhiteElo "2432"]
[BlackElo "2350"]

1.e4 c5 2.Nf3 Nc6 3.Nc3 g6 4.d4 cxd4 5.Nxd4 Bg7 6.Be3 Nf6 7.Bc4 O-O 8.Bb3 Qa5
9.O-O d6 10.h3 Bd7 11.f4 Rac8 12.Qf3 Qh5 13.Qf2 Nxd4 14.Bxd4 Rxc3 15.bxc3 Nxe4
16.Qe3 Bc6 17.Rae1 a6 18.Bxg7 Kxg7 19.Qd4+ e5 20.fxe5 dxe5 21.Qb6 Nd2 22.Rf2 Qg5
23.Re3 Ne4 24.Rfe2 Ng3 25.Rf2 Ne4  1/2-1/2

[Event "XXVII Belgrade Trophy"]
[Site "Obrenovac SRB"]
[Date "2013.12.01"]
[Round "8.23"]
[White "Cetkovic,Mi"]
[Black "Stanojevic,B"]
[Result "1/2-1/2"]
[WhiteElo "2162"]
[BlackElo "2291"]

1.e4 c5 2.Nc3 Nc6 3.Nge2 d6 4.d4 cxd4 5.Nxd4 Nf6 6.Bc4 e6 7.Be3 Be7 8.Qe2 a6
9.O-O-O Qc7 10.Bb3 O-O 11.Rhg1 b5 12.g4 b4  1/2-1/2

[Event "IV JAHV McGregor 2013"]
[Site "Bogota COL"]
[Date "2013.12.04"]
[Round "1.63"]
[White "Celis Vargas,Walter Enrique"]
[Black "Navia,E"]
[Result "0-1"]
[WhiteElo "1692"]
[BlackElo "2108"]

1.e4 c5 2.Nc3 Nc6 3.Bb5 Nd4 4.Bc4 e6 5.Nge2 a6 6.a4 g6 7.O-O Bg7 8.d3 Ne7
9.Bg5 h6 10.Bh4 d6 11.f4 Rb8 12.Bf2 b5 13.axb5 axb5 14.Bb3 Nxb3 15.cxb3 O-O
16.Qd2 b4 17.Nd1 Nc6 18.Be3 f5 19.h3 Kh7 20.Nf2 Re8 21.Nh1 e5 22.Nhg3 exf4
23.Rxf4 g5 24.Rxf5 Bxf5 25.Nxf5  0-1

[Event "IV JAHV McGregor 2013"]
[Site "Bogota COL"]
[Date "2013.12.04"]
[Round "1.68"]
[White "Bolivar,J"]
[Black "Pena Mora,Carlos"]
[Result "1-0"]
[WhiteElo "2086"]
[BlackElo "1651"]

1.e4 c5 2.Nc3 Nc6 3.Bb5 Nd4 4.Bc4 e6 5.Nge2 g6 6.d3 Bg7 7.Nxd4 cxd4 8.Ne2 Ne7
9.O-O O-O 10.Bg5 Re8 11.Qd2 Qb6 12.Bb3 Qc5 13.Rae1 d5 14.Ng3 Bd7 15.Bxe7 Rxe7
16.exd5 exd5 17.Rxe7 Qxe7 18.Bxd5 Be6 19.Re1 Rf8 20.Bxe6 fxe6 21.Qa5 b6 22.Qb5 Qf7
23.Ne4 e5 24.Qb3 h6 25.Re2 Qxb3 26.axb3 Rd8 27.Kf1 b5 28.Nd2 a6 29.Nf3 Re8
30.Nxd4  1-0

[Event "34th El Corte Ingles"]
[Site "Las Palmas ESP"]
[Date "2013.12.04"]
[Round "3.11"]
[White "Sanchez Quintero,R"]
[Black "Suarez Ramirez,Jonay"]
[Result "1-0"]
[WhiteElo "2108"]
[BlackElo "1607"]

1.e4 c5 2.Nf3 Nc6 3.Nc3 g6 4.Bb5 Bg7 5.O-O d6 6.Re1 Bd7 7.b3 Nf6 8.Bb2 O-O
9.Nd5 a6 10.Bxc6 Bxc6 11.Nxf6+ exf6 12.d4 Re8 13.d5 Bd7 14.h3 Rc8 15.c4 b5
16.Qd2 Qb6 17.Rab1 b4 18.Qf4 f5 19.Bxg7 Kxg7 20.e5 dxe5 21.Nxe5 Qd6 22.Re3 a5
23.Rbe1 a4 24.Qh6+ Kg8 25.Nf3 Qf6 26.Ne5 Qd6 27.Qf4 axb3 28.axb3 Ra8 29.Kf1 Kg7
30.Nxg6 Qxf4 31.Nxf4 Kf6 32.Nd3 Rxe3 33.Rxe3 Rc8 34.f4 h5 35.Kf2 h4 36.Re1 Rc7
37.Ra1 Ke7 38.Ra8 Kd6 39.Ra6+ Ke7 40.d6+  1-0

[Event "IV JAHV McGregor 2013"]
[Site "Bogota COL"]
[Date "2013.12.05"]
[Round "3.29"]
[White "Becerra,J"]
[Black "Abril,M"]
[Result "0-1"]
[WhiteElo "2221"]
[BlackElo "2023"]

1.e4 c5 2.Nf3 Nc6 3.Nc3 e5 4.Bb5 d6 5.O-O Be7 6.Nd5 Nf6 7.Re1 O-O 8.c3 Bg4
9.h3 Bh5 10.Bc4 Nxd5 11.Bxd5 Qd7 12.d3 Kh8 13.g4 Bg6 14.Kg2 f6 15.Nh4 Bf7
16.Nf5 Bxd5 17.exd5 Nd8 18.d4 cxd4 19.cxd4 g6 20.Ng3 Nf7 21.b3 Rac8 22.Bb2 Qb5
23.dxe5 dxe5 24.Ne4 Rfd8 25.g5 Rxd5 26.Qf3 Rd3 27.Qe2 f5 28.Ng3 Bxg5 29.Rad1 Qc6+
30.Kg1 Rxd1 31.Qxd1 Rd8 32.Qa1 Bf6 33.f4 Qf3 34.Ne2 Rd2 35.Bxe5 Nxe5 36.fxe5 Qe3+
37.Kf1 Bxe5 38.Qc1 Qf3+  0-1

[Event "IV JAHV McGregor 2013"]
[Site "Bogota COL"]
[Date "2013.12.06"]
[Round "5.24"]
[White "Bolivar,J"]
[Black "Acosta,A COL"]
[Result "1/2-1/2"]
[WhiteElo "2086"]
[BlackElo "2309"]

1.e4 c5 2.Nc3 Nc6 3.Bb5 Nd4 4.Bc4 e6 5.Nge2 Nxe2 6.Qxe2 a6 7.Qe3 Ne7 8.d4 b5
9.Be2 cxd4 10.Qxd4 Nc6 11.Qe3 Qc7 12.Bd2 Be7 13.a3 O-O 14.O-O Bb7 15.Kh1 Ne5
16.Qg3 d6 17.Rad1 Rac8 18.Bh6 Ng6 19.Bg5 Bxg5 20.Qxg5 Ne5 21.Qg3 Rfd8 22.Rd2 h6
23.Rfd1 Qc5 24.Rd4  1/2-1/2

[Event "19th Navalmoral Open"]
[Site "Navalmoral ESP"]
[Date "2013.12.07"]
[Round "5.7"]
[White "Sanchez Jerez,E"]
[Black "Forcen Esteban,D"]
[Result "0-1"]
[WhiteElo "2287"]
[BlackElo "2511"]

1.e4 c5 2.Nf3 Nc6 3.Nc3 g6 4.d4 cxd4 5.Nxd4 Bg7 6.Be3 Nf6 7.f3 O-O 8.g4 Qb6
9.Rb1 d5 10.g5 dxe4 11.Nf5 Qa5 12.Nxg7 Rd8 13.gxf6 Rxd1+ 14.Rxd1 Qe5 15.Nd5 Bd7
16.c3 exf3 17.Kf2 Kh8 18.Bb5 Qe4 19.Bf4 Ne5 20.Rhe1 Qc2+ 21.Rd2 Bxb5 22.Rxe5 Qa4
23.b3 Qa5 24.Rxe7 Bc6 25.c4 Bxd5 26.cxd5 Qb6+ 27.Re3 Qxf6 28.Ne8 Qxf4 29.Red3 Qg4  0-1

[Event "IV JAHV McGregor 2013"]
[Site "Bogota COL"]
[Date "2013.12.08"]
[Round "8.134"]
[White "Cedano,David Sebastian"]
[Black "Aldana,Omar"]
[Result "0-1"]
[WhiteElo "1325"]
[BlackElo "1886"]

1.e4 c5 2.Nc3 Nc6 3.Nf3 g6 4.Bc4 Bg7 5.d3 Nf6 6.Bf4 d6 7.O-O O-O 8.Re1 Nh5
9.Qd2 Bg4 10.Bh6 Bxh6 11.Qxh6 Bxf3 12.gxf3 Ne5 13.Qe3 e6 14.f4 Nxc4 15.dxc4 Qh4
16.Ne2 Rae8 17.Rad1 e5 18.fxe5 Rxe5 19.Ng3 Nf6 20.f3 Rg5 21.Qf2 Nh5 22.Rxd6 Nxg3
23.hxg3 Rxg3+ 24.Kf1 Qh3+ 25.Ke2 Rg2 26.Qxg2 Qxg2+  0-1

[Event "TCh-CZE Vychod 2013-14"]
[Site "Czech Rep CZE"]
[Date "2013.12.08"]
[Round "4.1"]
[White "Kislinsky,A"]
[Black "Ponizil,C"]
[Result "1-0"]
[WhiteElo "2507"]
[BlackElo "2432"]

1.e4 c5 2.Nc3 Nc6 3.Bb5 Nd4 4.Nf3 e6 5.Bd3 Nxf3+ 6.Qxf3 Ne7 7.Qg3 a6 8.O-O b5
9.Bxb5 axb5 10.Nxb5 Nc6 11.Nc7+ Ke7 12.Nxa8 d6 13.e5 Nxe5 14.d4 cxd4 15.f4 Nd7
16.f5 e5 17.Qf3 Ba6 18.Qc6 Nb8 19.Bg5+ f6 20.Qd5 Ke8 21.Bd2 Qe7 22.Ba5 Qa7
23.Nc7+ Kd7 24.Nxa6 Qxa6 25.c3 dxc3 26.Rac1  1-0

[Event "TCh-CZE Vychod 2013-14"]
[Site "Czech Rep CZE"]
[Date "2013.12.08"]
[Round "4.6"]
[White "Koutny,Pe"]
[Black "Mrazek,L"]
[Result "1-0"]
[WhiteElo "2172"]
[BlackElo "2211"]

1.e4 c5 2.Nc3 Nc6 3.Bb5 Nd4 4.Nf3 Nxb5 5.Nxb5 d6 6.d4 a6 7.Nc3 cxd4 8.Qxd4 Nf6
9.Bg5 h6 10.Be3 e5 11.Qd2 Be6 12.O-O-O b5 13.Nd5 Nxe4 14.Qd3 Nc5 15.Bxc5 dxc5
16.Qe4 Rc8 17.Nxe5 Bd6 18.Nf4 O-O 19.Nxe6 fxe6 20.f4 Qc7 21.Rhe1 c4 22.g3 c3
23.Nf3 Rf6 24.Qd3 Ba3 25.bxa3 Qa5 26.Qd6 e5 27.Qb4 Qxb4 28.axb4 exf4 29.g4 Rc4
30.Re8+ Kf7 31.Rdd8 Kg6 32.h4  1-0

[Event "ch-HUN w 2013"]
[Site "Heviz HUN"]
[Date "2013.12.08"]
[Round "6.5"]
[White "Papp,Petra"]
[Black "Gara,A"]
[Result "1/2-1/2"]
[WhiteElo "2305"]
[BlackElo "2308"]

1.e4 c5 2.Nf3 Nc6 3.Nc3 g6 4.d4 cxd4 5.Nxd4 Bg7 6.Be3 Nf6 7.Bc4 O-O 8.Bb3 Qa5
9.f3 d6 10.Qd2 Nxd4 11.Bxd4 Be6 12.O-O-O Bxb3 13.cxb3 Rfc8 14.Kb1 Rc6 15.a3 Rac8
16.b4 Qd8 17.Rc1 Rc4 18.Ne2 a6 19.Qd3 Rxc1+ 20.Rxc1 Rxc1+ 21.Nxc1 Nd7 22.Bxg7 Kxg7
23.Nb3 Qb6 24.Qc3+ e5 25.Ka2 Qb5 26.Qd2 Qc6 27.Na5 Qc7 28.Qc3 Qb8 29.Nc4 b5
30.Na5 Nb6 31.Qc6 h5 32.Kb1 h4 33.b3 h3 34.gxh3 Qd8 35.Kc2 d5 36.Nb7 Qg5
37.Qxb6 Qg2+ 38.Kc1 Qf1+ 39.Kd2  1/2-1/2

[Event "Pavlodar Open 2013"]
[Site "Pavlodar KAZ"]
[Date "2013.12.10"]
[Round "1.2"]
[White "Solak,D"]
[Black "Rakhimberdiyev,A"]
[Result "1-0"]
[WhiteElo "2618"]
[BlackElo "2081"]

1.e4 c5 2.Nc3 Nc6 3.Bb5 e6 4.Bxc6 bxc6 5.d3 d6 6.f4 Qh4+ 7.g3 Qd8 8.Nf3 Ne7
9.Qe2 Ng6 10.e5 d5 11.b3 Ba6 12.O-O Be7 13.Kg2 O-O 14.Na4 c4 15.dxc4 dxc4
16.Nb2 Qa5 17.Nxc4 Qc3 18.Rb1 Rfb8 19.Qd2 Qxd2+ 20.Bxd2 Bc5 21.Rfd1 Ne7 22.Nd6 Bxd6
23.exd6 Nf5 24.Ba5 Ne3+ 25.Kf2 Nxd1+ 26.Rxd1 Kf8 27.Ne5  1-0

[Event "5th Classic Open 2013"]
[Site "London ENG"]
[Date "2013.12.11"]
[Round "5.6"]
[White "Gharamian,T"]
[Black "Cherniaev,A1"]
[Result "1-0"]
[WhiteElo "2656"]
[BlackElo "2434"]

1.e4 c5 2.Nf3 Nc6 3.Nc3 Nf6 4.Bb5 Nd4 5.e5 Nxb5 6.Nxb5 Nd5 7.Ng5 f5 8.O-O Nc7
9.a4 a6 10.Nc3 e6 11.d4 cxd4 12.Qxd4 d6 13.exd6 Qxd6 14.Qh4 Qb4 15.Bf4 Bd6
16.Qh5+ g6 17.Bxd6 Qxd6 18.Qe2 O-O 19.Rad1 Nd5 20.Qf3 Qd8 21.Nxe6 Bxe6 22.Nxd5 Bxd5
23.Rxd5 Qc7 24.Qb3 Rf7 25.Rfd1 Re8 26.h3 Kg7 27.Qd3 Qf4 28.Qd4+ Qxd4 29.R5xd4 f4
30.Kf1 Ree7 31.Re1 Rc7 32.c3 Rc5 33.Red1 Rcc7 34.Rd5 Kh6 35.Re1 Rc4 36.Rd4 Rc5
37.Ree4 Rcf5 38.Rd3 R5f6 39.Ke2 Rb6 40.b4 Rc6 41.a5 g5 42.c4  1-0

[Event "5th Classic Open 2013"]
[Site "London ENG"]
[Date "2013.12.11"]
[Round "5.43"]
[White "Hill,Alistair"]
[Black "Sreeves,C"]
[Result "1/2-1/2"]
[WhiteElo "2097"]
[BlackElo "2251"]

1.e4 c5 2.Nf3 Nc6 3.Nc3 Nf6 4.g3 d6 5.Bg2 g6 6.O-O Bg7 7.h3 O-O 8.d3 Rb8
9.Re1 Ne8 10.Be3 Nd4 11.Bxd4 cxd4 12.Ne2 Qb6 13.c4 Qxb2 14.Qb3 Qxb3 15.axb3 a6
16.Nfxd4 Nc7 17.Ra2 Bd7 18.Rd1 Rfc8 19.Nc2 b5 20.Ne3 bxc4 21.bxc4 Rb3 22.Nd5 Nxd5
23.exd5 Bf5 24.Rxa6 Rxd3 25.Rxd3 Bxd3 26.Rc6 Rxc6 27.dxc6 Bxc4 28.Nf4 Kf8
29.Nd5 Bd4 30.c7 Ba6 31.Nb4 Bc8 32.Bf1 Bc5 33.Nd5 e6 34.Nf6 h5 35.Bb5 Bb6
36.Bd7 Ke7 37.Bxc8 Kxf6 38.Bxe6 Bxc7 39.Bd5 g5 40.f4 g4 41.hxg4 hxg4 42.Bb7 Kf5
43.Kf2 Bb6+ 44.Ke2 Kg6 45.Bc8 f5 46.Be6 Bg1 47.Bd5 Kf6 48.Kf1 Be3 49.Ke2 Bc1
50.Kf2 Ke7 51.Ke2 Kd7 52.Kf2 Ba3 53.Ke2 Bc5 54.Kf1 Bd4 55.Ke2 Ke7 56.Kf1 Kf6
57.Ke2 Kg6 58.Kf1 Be5 59.Kf2 Kf6 60.Ke3 Bc3 61.Kf2 Bb4 62.Ke2 Kg6 63.Kf1 Kh5
64.Bf7+ Kh6 65.Bd5 Bc5 66.Ke2 Kh7 67.Kf1 Kg7 68.Ke2 Bb6 69.Kf1 Bd8 70.Kf2 Kg6
71.Kg2 Bg5 72.fxg5 Kxg5 73.Kf2 f4 74.gxf4+ Kxf4 75.Kg2 Ke5 76.Bb3 d5 77.Kg3 d4
78.Kxg4 d3 79.Kf3 Kd4 80.Ba4 d2 81.Ke2 d1=N 82.Kxd1  1/2-1/2

[Event "Pavlodar Open 2013"]
[Site "Pavlodar KAZ"]
[Date "2013.12.11"]
[Round "2.39"]
[White "Kandaurov,Viktor"]
[Black "Karibayev,B"]
[Result "1-0"]
[WhiteElo "1605"]
[BlackElo "2002"]

1.e4 c5 2.Nc3 Nc6 3.Nf3 e5 4.a3 d6 5.Bc4 Be7 6.d3 Nf6 7.h3 O-O 8.Be3 a6 9.Qd2 Be6
10.Nd5 Bxd5 11.exd5 Nd4 12.Bxd4 cxd4 13.O-O b5 14.Bb3 Qd7 15.Rae1 Nh5 16.Kh2 Nf4
17.Re4 Kh8 18.Rg1 f5 19.Ree1 Qb7 20.c4 bxc4 21.Bxc4 Bf6 22.b4 Nxd5 23.Qa2 Nc3
24.Qb3 d5 25.Nxe5 dxc4 26.Nxc4 Qc7+ 27.g3 f4 28.Re6 fxg3+ 29.fxg3 Be5 30.Nxe5 Rf2+
31.Rg2 Rxg2+ 32.Kxg2 Rf8 33.h4 Qb7+ 34.Rc6 Nb5 35.Kh3 Na7 36.Rc1 Rf2 37.Qe6 Qg2+
38.Kg4 h5+ 39.Kxh5 Qxg3 40.Ng4 Rf4 41.Rc5 Qxd3 42.Qe8+ Kh7 43.Rg5 Qe4 44.Qd7  1-0

[Event "5th Classic Open 2013"]
[Site "London ENG"]
[Date "2013.12.13"]
[Round "7.34"]
[White "Carr,N"]
[Black "Tsifanskaya,L"]
[Result "1-0"]
[WhiteElo "2275"]
[BlackElo "2093"]

1.e4 c5 2.Nc3 Nc6 3.Bb5 g6 4.Bxc6 dxc6 5.d3 Bg7 6.f4 Nf6 7.Nf3 O-O 8.O-O b6
9.Qe1 Ne8 10.f5 e5 11.g4 c4 12.dxc4 Qe7 13.Be3 gxf5 14.gxf5 Kh8 15.Kh1 Ba6
16.b3 Rd8 17.a4 Nf6 18.Qh4 Qb4 19.Ne2 c5 20.Rg1 Rg8 21.Rxg7 Rxg7  1-0

[Event "6th Kolkata Open"]
[Site "Kolkata IND"]
[Date "2013.12.14"]
[Round "10.9"]
[White "Dzhumaev,M"]
[Black "Ramnath,B"]
[Result "1/2-1/2"]
[WhiteElo "2557"]
[BlackElo "2393"]

1.e4 c5 2.Nc3 Nc6 3.Bb5 Nd4 4.Nf3 a6 5.Bd3 g6 6.Nxd4 cxd4 7.Ne2 Bg7 8.c3 dxc3
9.dxc3 d5 10.O-O Nf6 11.e5 Ng4 12.f4 f6 13.exf6 Bxf6 14.Nd4 Qb6 15.Kh1 O-O
16.Be2 Bxd4 17.cxd4 Nf6 18.g4 Ne4 19.Bf3 Bd7 20.a4 Rac8 21.Ra3 Rc4 22.Be3 Qc7
23.Qe1 Rxa4 24.Rxa4 Bxa4 25.Qh4 Qc4 26.Re1 Qb4 27.f5 Bc2 28.Rc1 Qb3 29.Re1 Qb4
30.Bh6 Rf6 31.Rc1 Qb3 32.Bd1 g5 33.Qh5 Rxh6 34.Qxh6 Qd3 35.Qe6+ Kf8 36.Be2 Qxe2
37.Qc8+ Kf7 38.Qe6+  1/2-1/2